| 000 | 01060cam a2200337 a 4500 | ||
|---|---|---|---|
| 001 | 7304188 | ||
| 003 | ARRUPE | ||
| 005 | 20141113020008.0 | ||
| 008 | 090220s2009 enk b 001 0 eng | ||
| 020 | _a9780521899031 (hbk.) | ||
| 020 | _a0521899036 (hbk.) | ||
| 020 | _a9780521727693 (pbk.) | ||
| 020 | _a0521727693 (pbk.) | ||
| 024 | _a40016969129 | ||
| 035 | _a(OCoLC)ocn286433319 | ||
| 035 | _a(OCoLC)286433319 | ||
| 035 | _a(NNC)7304188 | ||
| 040 |
_aUKM _cUKM _dBTCTA _dYDXCP _dBWKUK |
||
| 050 | 4 |
_aJC251.R32 _bL45 2009 |
|
| 082 | 0 | 4 |
_a320.01 _222 |
| 100 | 1 |
_aLehning, Percy B. _q(Percy Blanchemains) _99035 |
|
| 245 | 1 | 0 |
_aJohn Rawls : _ban introduction / _cPercy B. Lehning. |
| 260 |
_aCambridge, UK ; _aNew York : _bCambridge University Press, _c2009. |
||
| 300 |
_axii, 294 p. ; _c24 cm. |
||
| 504 | _aIncludes bibliographical references and index. | ||
| 600 | 1 | 0 |
_aRawls, John, _d1921-2002. _99036 |
| 650 | 0 |
_aPolitical science _xPhilosophy. _99037 |
|
| 942 |
_2lcc _cMONOGRAPH _03 |
||
| 948 | 1 |
_a20090904 _bc _csds12 _dMPS |
|
| 999 |
_c120187 _d120187 |
||